000 00727nam a2200241Ia 4500
003 OSt
005 20220926022625.0
006 a|||||r|||| 00| 0
007 ta
008 220923b |||||||| |||| 00| 0 eng d
037 _cGeneral Book
040 _aRTL
_cRTL
_beng
041 _2eng
_aeng
082 _aX9(J).5.N9, N5.3
110 _aUnited Nations, Economic Commission for Europe
245 0 _aAgricultural review for Europe
_b 1993-94 (No 37).
260 _aNew York
_bUnited Nations USA
_c1995
490 _vV 3
650 _aAgricultural Industry
700 _aUnited Nations, Economic Commission for Europe
942 _hX9(J).5.N9, N5.3
_cGB
_2CC
999 _c639951
_d639951